Indo-US nuclear deal : (Record no. 13813)

000 -LEADER
fixed length control field 01243cam a22003494a 4500
001 - CONTROL NUMBER
control field 15842621
005 - DATE AND TIME OF LATEST TRANSACTION
control field 20170105102839.0
008 - FIXED-LENGTH DATA ELEMENTS--GENERAL INFORMATION
fixed length control field 090730s2009 ii b 001 0 eng
010 ## - LIBRARY OF CONGRESS CONTROL NUMBER
LC control number 2009311997
020 ## - INTERNATIONAL STANDARD BOOK NUMBER
International Standard Book Number 9780415544528
025 ## - OVERSEAS ACQUISITION NUMBER
Overseas acquisition number I-E-2009-311997; 63-91; 63-02
037 ## - SOURCE OF ACQUISITION
Source of stock number/acquisition Library of Congress -- New Delhi Overseas Office
Terms of availability Rs695.00
040 ## - CATALOGING SOURCE
Original cataloging agency DLC
Transcribing agency DLC
Modifying agency DLC
042 ## - AUTHENTICATION CODE
Authentication code lcode
043 ## - GEOGRAPHIC AREA CODE
Geographic area code a-ii---
-- n-us---
050 00 - LIBRARY OF CONGRESS CALL NUMBER
Classification number JZ5675
Item number .I685 2009
082 ## - DEWEY DECIMAL CLASSIFICATION NUMBER
Classification number 327.174
245 00 - TITLE STATEMENT
Title Indo-US nuclear deal :
Remainder of title seeking synergy in bilateralism /
Statement of responsibility, etc. editor P.R. Chari.
260 ## - PUBLICATION, DISTRIBUTION, ETC.
Place of publication, distribution, etc. New Delhi :
Name of publisher, distributor, etc. Routledge,
Date of publication, distribution, etc. 2009.
300 ## - PHYSICAL DESCRIPTION
Extent x, 326 p. ;
Dimensions 23 cm.
504 ## - BIBLIOGRAPHY, ETC. NOTE
Bibliography, etc. note Includes bibliographical references and index.
610 10 - SUBJECT ADDED ENTRY--CORPORATE NAME
Corporate name or jurisdiction name as entry element India.
Title of a work Treaties, etc.
Miscellaneous information United States,
Date of meeting or treaty signing 2008 October 8.
650 #0 - SUBJECT ADDED ENTRY--TOPICAL TERM
Topical term or geographic name entry element Nuclear nonproliferation
Geographic subdivision India.
650 #0 - SUBJECT ADDED ENTRY--TOPICAL TERM
Topical term or geographic name entry element Nuclear energy
General subdivision Government policy
Geographic subdivision India.
650 #0 - SUBJECT ADDED ENTRY--TOPICAL TERM
Topical term or geographic name entry element Nuclear energy
General subdivision Government policy
Geographic subdivision United States.
651 #0 - SUBJECT ADDED ENTRY--GEOGRAPHIC NAME
Geographic name India
General subdivision Foreign relations
Geographic subdivision United States.
651 #0 - SUBJECT ADDED ENTRY--GEOGRAPHIC NAME
Geographic name United States
General subdivision Foreign relations
Geographic subdivision India.
700 1# - ADDED ENTRY--PERSONAL NAME
Personal name Chari, P. R.
906 ## - LOCAL DATA ELEMENT F, LDF (RLIN)
a 7
b cbc
c origode
d 3
e ncip
f 20
g y-gencatlg
942 ## - ADDED ENTRY ELEMENTS (KOHA)
Source of classification or shelving scheme
Koha item type Book
Holdings
Withdrawn status Lost status Damaged status Not for loan Collection code Permanent Location Current Location Shelving location Date acquired Total Checkouts Full call number Barcode Date last seen Price effective from Koha item type
          Centre for International Peace & Stability (CIPS) Centre for International Peace & Stability (CIPS) General Stacks 08/01/2013   327.174 IND 2009 CIPS0000065 08/02/2013 01/05/2017 Book
© 2023 Central Library, National University of Sciences and Technology. All Rights Reserved.